Score 0/100 Timer 07:00
2 Plays Today
Rank Name % Correct
62Maria Sharapova
82%
85Charlize Theron
81.6%
44James Patterson
81.4%
52Phil Mickelson
81.1%
25Dwayne Johnson
80.3%
65Tom Brady
78.7%
1Oprah Winfrey
78.5%
57Jon Stewart
78.5%
3Steven Spielberg
77.3%
64Jennifer Aniston
77.1%
16LeBron James
77%
38David Letterman
76.7%
55Peter Jackson
76%
70Kristen Stewart
75.6%
45Howard Stern
75.5%
75Stephen King
75.5%
40Adam Sandler
75.2%
91Danica Patrick
74.1%
11Hugh Jackman
73.5%
56Serena Williams
73%
23Channing Tatum
72.2%
35Will Smith
72.1%
28Mark Wahlberg
72%
98Melissa McCarthy
71.8%
61Michael Bay
71.5%
86Neil Patrick Harris
70.4%
67Charlie Sheen
69.8%
76Christopher Nolan
68.4%
90Sandra Bullock
68.3%
20Robert Downey Jr.
68.2%
49Jennifer Lawrence
67.6%
41Angelina Jolie
67.5%
66Kim Kardashian
67.1%
80Mark Burnett
67.1%
Rank Name % Correct
12Jennifer Lopez
66.5%
78Manny Pacquiao
66.5%
96Zooey Deschanel
65.7%
9Justin Bieber
65.5%
42E.L. James
65.2%
27Tom Cruise
64.4%
88Floyd Mayweather
64%
10Ellen DeGeneres
63.8%
100Miranda Kerr
63.2%
46Carrie Underwood
62.6%
95Kevin Hart
62.3%
17Simon Cowell
61.8%
31Cristiano Ronaldo
61%
19David Beckham
60.9%
13Rihanna
60.3%
94Ray Romano
60.3%
53Ashton Kutcher
60.1%
4Beyoncé
59.9%
84Emma Stone
59.8%
72Sean Hannity
59.3%
81Gisele Bundchen
59.1%
68Calvin Harris
57.9%
87Suzanne Collins
56.5%
5Madonna
56.4%
93George Lopez
56.3%
18Katy Perry
54.8%
83Alec Baldwin
54.5%
30Donald Trump
54.1%
69Rachael Ray
53.3%
74David Guetta
52.6%
15Tiger Woods
50%
21Leonardo DiCaprio
49%
33Dr. Phil McGraw
49%
58Jerry Bruckheimer
49%
Rank Name % Correct
32Jay-Z
48.8%
8Roger Federer
48.6%
82J.K. Rowling
48.3%
99Joss Whedon
48.3%
51Rafael Nadal
48%
34Glenn Beck
47.8%
24Kobe Bryant
47.8%
77Gordon Ramsay
47.2%
29Seth MacFarlane
47.1%
26Ryan Seacrest
46.1%
47Kenny Chesney
45.7%
73Meryl Streep
44.9%
39Lionel Messi
44%
59Kanye West
42.8%
6Taylor Swift
41.9%
22Tyler Perry
41.9%
36Ben Affleck
41.5%
79Tina Fey
41.2%
71Gwyneth Paltrow
40.9%
54Sofia Vergara
38.3%
2Lady Gaga
36.2%
92Amy Poehler
35.8%
60Jerry Seinfeld
34.6%
50Drew Brees
34%
14Coldplay
33.5%
89Mila Kunis
32.6%
37Rush Limbaugh
25.1%
43Toby Keith
22.1%
63Dr. Dre
20.3%
7Bon Jovi
20.2%
97Louis C.K.
14.4%
48Usain Bolt
11.3%
Remove Ads.
Support Sporcle.
Get the best of Sporcle when you Go Orange. This ad-free experience offers more features, more stats, and more fun while also helping to support Sporcle. Thank you for becoming a member.

You're not logged in!

Compare scores with friends on all Sporcle quizzes.
OR
Log In

Show Comments

Extras

Top Quizzes Today


Score Distribution

Your Account Isn't Verified!

In order to create a playlist on Sporcle, you need to verify the email address you used during registration. Go to your Sporcle Settings to finish the process.

Report this User

Report this user for behavior that violates our Community Guidelines.

Details: